000 00462nam a22001577a 4500
005 20240109114304.0
008 190503b xxu||||| |||| 00| 0 eng d
020 _a978-93-81595-75-6
041 _aeng
100 _aSAKARKAR, DR D. M.,TEMHHURNE,DR. S.V .,AND MORE .DR. B.H
_98342
245 _aA TEXTBOOK OF PRINCIPLES AND FUNDAMENTALS IN PHARMACOLOGY ( VOL-II)
250 _a2nd, 2017
260 _aPUNE
_bNIRALI PUBLICATION
300 _aI.10p,
942 _cBK
999 _c5840
_d5838